000 00691nam a2200217 i 4500
001 115171
003 ES-MaACL
005 20250707062614.0
007 t|
008 070223s1907 sp ||||1| spa d
080 _a821.134.2-22"19"
100 1 _aLinares Rivas, Manuel.
_972355
245 1 3 _aLa espuma del champagne
_b: comedia en un acto /
_cM. Linares Rivas ; ilustraciones de García-Guijo.
260 _aMadrid :
_bEl Cuento Semanal,
_c1907.
300 _a20 p. :
_bil. ;
_c26 cm.
490 1 _aEl cuento semanal ;
_v15
700 0 _aGarcía-Guijo
_c, ilustrador.
_954737
830 0 3 _aEl cuento semanal
_v15
_9185957
852 _aES-MaACL
_jG-4439(15)
999 _c115171
_d115171